<?xml version="1.0" encoding="UTF-8"?>
<marc:record xmlns:marc="http://www.loc.gov/MARC21/slim">
   <marc:leader>00000nam a2200000 a 4500</marc:leader>
   <marc:datafield ind1="1" ind2=" " tag="100">
      <marc:subfield code="a">Donnelly, Elfie</marc:subfield>
      <marc:subfield code="4">aut</marc:subfield>
      <marc:subfield code="e">Verfasser/-in</marc:subfield>
   </marc:datafield>
   <marc:datafield ind1="0" ind2="0" tag="245">
      <marc:subfield code="a">Benjamin Blümchen Classics - Staffel 1 - Folge 2: Benjamin Blümchen auf hoher See</marc:subfield>
   </marc:datafield>
   <marc:datafield ind1="0" ind2="0" tag="245">
      <marc:subfield code="c">Drehbuch: Elfie Donnelly; Regie: Jan Baudouin de Courtenay; Produktion: Jutta Buschenhagen</marc:subfield>
   </marc:datafield>
   <marc:datafield ind1=" " ind2="1" tag="264">
      <marc:subfield code="a">Potsdam</marc:subfield>
      <marc:subfield code="b">filmwerte GmbH</marc:subfield>
      <marc:subfield code="c">2022</marc:subfield>
   </marc:datafield>
   <marc:datafield ind1="1" ind2=" " tag="520">
      <marc:subfield code="a">Benjamin Blümchen und Otto wünschen sich, einmal mit einem großen Schiff aufs Meer hinauszufahren. Das wäre toll! Heimlich klettern die beiden auf die &#x84;Aurora&#x93; und eine abenteuerliche Reise beginnt. Benjamin hilft sogar dabei, einen Goldschatz zu bergen. Wenn das kein Grund ist, ein großes Fest zu feiern!</marc:subfield>
   </marc:datafield>
   <marc:datafield ind1=" " ind2=" " tag="300">
      <marc:subfield code="a">1 Online-Ressource (30 min), Bild: 16:9 SD</marc:subfield>
   </marc:datafield>
</marc:record>
